[Event "26th 4NCL Congress"]
[Site "Woodland Grange, Old Milverton"]
[Date "2021.09.11"]
[Round "3.16"]
[White "Knight, Colin B"]
[Black "Faulkner, Adam"]
[Result "0-1"]
[WhiteElo "1745"]
[BlackElo "1972"]
[PlyCount "80"]
[EventDate "2021.09.10"]

1. d4 Nf6 2. c4 e6 3. Nf3 d5 4. Nc3 Bb4 5. e3 O-O 6. Qc2 c5 7. dxc5 Nc6 8. Bd2
Bxc5 9. Rd1 Qe7 10. Be2 a6 11. O-O dxc4 12. Bxc4 b5 13. Be2 Bb7 14. a3 Rac8 15.
Qb1 Ba7 16. e4 h6 17. e5 Nd7 18. Bf4 Bb8 19. Ne4 Ndxe5 20. Nxe5 Nxe5 21. Bxe5
Bxe5 22. b4 Bxh2+ 23. Kxh2 Qh4+ 24. Kg1 Qxe4 25. Qxe4 Bxe4 26. Rd6 Rc6 27. Rfd1
Rfc8 28. f3 Bd5 29. Rd7 Kf8 30. Ra7 R8c7 31. Ra8+ Ke7 32. Rg8 g6 33. Bd3 Rc1
34. Rxc1 Rxc1+ 35. Kf2 Rc3 36. Bxg6 fxg6 37. Rxg6 Rxa3 38. Rxh6 Rb3 39. Rh4 Kf6
40. g4 Rxf3+ 0-1

[Event "26th 4NCL Congress"]
[Site "Woodland Grange, Old Milverton"]
[Date "2021.09.11"]
[Round "3.17"]
[White "Bridgeman, Niamh"]
[Black "Radford, Mark Sr"]
[Result "1-0"]
[WhiteElo "1930"]
[BlackElo "1780"]
[PlyCount "69"]
[EventDate "2021.09.10"]

1. d4 Nf6 2. Nf3 g6 3. e3 Bg7 4. Be2 O-O 5. O-O d6 6. b3 c5 7. Bb2 Nbd7 8. c4
b6 9. Nc3 Bb7 10. Qc2 a6 11. Rfd1 Qc7 12. Rac1 Rac8 13. Ng5 h6 14. Nge4 Nxe4
15. Nxe4 cxd4 16. Bxd4 e5 17. Bc3 d5 18. cxd5 f5 19. Ng3 Qd6 20. Qd2 Rfd8 21.
e4 f4 22. Nh1 g5 23. Bg4 a5 24. Be6+ Kh8 25. b4 a4 26. b5 Rc4 27. Bxd7 Rxd7 28.
Bxe5 Bxe5 29. Rxc4 f3 30. Ng3 Bf4 31. Qc3+ Be5 32. Qxf3 Rd8 33. Qh5 Rf8 34. Nf5
Bg7 35. Nxd6 1-0

[Event "26th 4NCL Congress"]
[Site "Woodland Grange, Old Milverton"]
[Date "2021.09.11"]
[Round "3.18"]
[White "Hankey, Chris P"]
[Black "Mort, Andrew J"]
[Result "1/2-1/2"]
[WhiteElo "1780"]
[BlackElo "1930"]
[PlyCount "54"]
[EventDate "2021.09.10"]

1. d4 d5 2. c4 e6 3. Nc3 c5 4. Nf3 Nf6 5. Bg5 cxd4 6. Nxd4 e5 7. Bxf6 gxf6 8.
Nf3 d4 9. Nd5 Be6 10. Qa4+ Bd7 11. Qc2 Nc6 12. a3 Be6 13. e4 dxe3 14. Nxe3 Bh6
15. Rd1 Qe7 16. Nd5 Bxd5 17. cxd5 Nd4 18. Nxd4 exd4+ 19. Qe2 Qxe2+ 20. Bxe2 Rc8
21. O-O Rc2 22. Bb5+ Ke7 23. Rxd4 Kd6 24. b4 a6 25. Ba4 Rc3 26. Ra1 Bc1 27. h4
Rhc8 1/2-1/2

[Event "26th 4NCL Congress"]
[Site "Woodland Grange, Old Milverton"]
[Date "2021.09.11"]
[Round "3.19"]
[White "Lee, James"]
[Black "Gillespie, Gary D"]
[Result "0-1"]
[WhiteElo "1773"]
[BlackElo "1920"]
[PlyCount "132"]
[EventDate "2021.09.10"]

1. d4 d5 2. c4 e6 3. Nc3 Nf6 4. cxd5 exd5 5. Bg5 c6 6. e3 h6 7. Bh4 Be7 8. Bd3
Nbd7 9. Nge2 Nh5 10. Bxe7 Qxe7 11. O-O O-O 12. Qc2 Nb6 13. Rfe1 Be6 14. Rad1
Rad8 15. Nf4 Nxf4 16. exf4 Qf6 17. Ne2 Rfe8 18. g3 Nc8 19. Qa4 Bf5 20. Bxf5
Qxf5 21. Nc1 h5 22. Qb4 Rxe1+ 23. Qxe1 f6 24. Rd3 h4 25. Re3 h3 26. Nd3 Nd6 27.
Nc5 b6 28. g4 Qxg4+ 29. Rg3 Qf5 30. Ne6 Re8 31. Rxg7+ Kh8 32. Rg3 Qxe6 33. Qf1
Rg8 34. Qd1 Rxg3+ 35. hxg3 Qf5 36. Kh2 Ne4 37. f3 Nd6 38. Qe2 Kg7 39. Qe7+ Nf7
40. Qe2 Kf8 41. Qd2 Nd6 42. g4 Qh7 43. f5 Nxf5 44. gxf5 Qxf5 45. Qb4+ Kf7 46.
Qc3 Qe6 47. Qd3 Kg7 48. f4 Kf7 49. Qh7+ Ke8 50. Qh8+ Ke7 51. Qh7+ Kd6 52. Qxa7
Qe4 53. Kxh3 Qf3+ 54. Kh2 Qxf4+ 55. Kg2 Qg4+ 56. Kh2 Qxd4 57. Qb8+ Kc5 58. Qf8+
Kb5 59. Qa8 Qxb2+ 60. Kh3 Qc3+ 61. Kh2 Qc2+ 62. Kh3 d4 63. Qg8 d3 64. Qd8 d2
65. a4+ Kxa4 66. Qd4+ Kb5 0-1

[Event "26th 4NCL Congress"]
[Site "Woodland Grange, Old Milverton"]
[Date "2021.09.11"]
[Round "3.20"]
[White "Abbott, Mark V"]
[Black "Homer, Neil S"]
[Result "1-0"]
[WhiteElo "1915"]
[BlackElo "1728"]
[PlyCount "75"]
[EventDate "2021.09.10"]

1. d4 d5 2. c4 e6 3. cxd5 exd5 4. Nc3 c5 5. Nf3 Nc6 6. Bf4 c4 7. e3 Nf6 8. Be2
Bb4 9. O-O O-O 10. h3 Be6 11. a3 Bxc3 12. bxc3 Ne4 13. Qc2 f5 14. Nd2 Nxd2 15.
Qxd2 Na5 16. Bd1 Bd7 17. Bc2 Qe8 18. Rae1 Ba4 19. f3 Bxc2 20. Qxc2 Nb3 21. e4
fxe4 22. fxe4 Qg6 23. Qe2 Rfe8 24. Be5 Qxe4 25. Qf2 Qg6 26. Re3 Rf8 27. Rf3
Rxf3 28. Qxf3 Qe6 29. Qg3 Qg6 30. Qf4 h6 31. Rf3 Re8 32. Rg3 Qb1+ 33. Kh2 Rxe5
34. Qxe5 g5 35. Rf3 Qe4 36. Qb8+ Kg7 37. Qf8+ Kg6 38. Qf7# 1-0

[Event "26th 4NCL Congress"]
[Site "Woodland Grange, Old Milverton"]
[Date "2021.09.11"]
[Round "3.24"]
[White "Holt, Trevor J"]
[Black "Sengenberger, Sara"]
[Result "0-1"]
[WhiteElo "1780"]
[BlackElo "1638"]
[PlyCount "62"]
[EventDate "2021.09.10"]

1. e4 c5 2. d4 cxd4 3. Nf3 g6 4. c3 dxc3 5. Nxc3 Nc6 6. Bc4 a6 7. Bb3 Bg7 8.
O-O Nf6 9. Bg5 d6 10. Qd2 Bg4 11. Nh4 O-O 12. h3 Be6 13. Nd5 Nxe4 14. Qc1 Nxg5
15. Qxg5 Bxd5 16. Bxd5 e6 17. Qxd8 Rfxd8 18. Bc4 d5 19. Be2 Bxb2 20. Rab1 Bf6
21. Nf3 b5 22. Rfc1 Rac8 23. Rd1 Na5 24. a4 bxa4 25. Bxa6 Ra8 26. Be2 Nb3 27.
Nd2 Nxd2 28. Rxd2 Rab8 29. Rxb8 Rxb8 30. Ra2 Rb1+ 31. Bf1 Ra1 0-1

[Event "26th 4NCL Congress"]
[Site "Woodland Grange, Old Milverton"]
[Date "2021.09.12"]
[Round "4.1"]
[White "Gillespie, David P"]
[Black "Varley, Joe"]
[Result "0-1"]
[WhiteElo "1997"]
[BlackElo "1892"]
[PlyCount "52"]
[EventDate "2021.09.10"]

1. Nf3 Nf6 2. g3 g6 3. Bg2 Bg7 4. O-O O-O 5. b3 Ne4 6. c3 d5 7. Bb2 c6 8. d3
Nd6 9. Qc2 e5 10. Nbd2 f5 11. c4 Re8 12. Rad1 Nf7 13. b4 Be6 14. Nb3 Nd7 15. c5
Qc7 16. Bc1 Nf6 17. Bb2 Rad8 18. Rfe1 Ng4 19. e3 Bc8 20. h3 Nf6 21. d4 e4 22.
Nh2 Nh5 23. Qe2 Ng5 24. Rd2 f4 25. exf4 Nxh3+ 26. Kh1 e3 0-1

[Event "26th 4NCL Congress"]
[Site "Woodland Grange, Old Milverton"]
[Date "2021.09.12"]
[Round "4.2"]
[White "Hickman, John E"]
[Black "Idle, Oscar J"]
[Result "0-1"]
[WhiteElo "1876"]
[BlackElo "1979"]
[PlyCount "82"]
[EventDate "2021.09.10"]

1. Nf3 d5 2. g3 g6 3. Bg2 Bg7 4. O-O e5 5. d3 Nc6 6. e4 dxe4 7. dxe4 Qxd1 8.
Rxd1 Bg4 9. h3 Bxf3 10. Bxf3 Nd4 11. Rxd4 exd4 12. Na3 O-O-O 13. Bg5 f6 14. Bd2
Ne7 15. Re1 Nc6 16. Bg4+ Kb8 17. f4 Rhe8 18. Nc4 Bf8 19. a3 b5 20. Na5 Nxa5 21.
Bxa5 Bc5 22. Kg2 Bb6 23. Bd2 d3 24. c3 c5 25. e5 f5 26. Bf3 Kc7 27. Rb1 Rd7 28.
b4 a6 29. Ra1 Rc8 30. g4 Kd8 31. h4 Ke7 32. g5 a5 33. bxc5 Bxc5 34. a4 b4 35.
c4 Bd4 36. Rc1 Bb2 37. Rb1 Bc3 38. Be3 Rxc4 39. Bb6 d2 40. Kg3 Bd4 41. Bxa5 Bc5
0-1

[Event "26th 4NCL Congress"]
[Site "Woodland Grange, Old Milverton"]
[Date "2021.09.12"]
[Round "4.3"]
[White "Angheluta, Ovidiu"]
[Black "Shenbagakumar, Gautham"]
[Result "1-0"]
[WhiteElo "1953"]
[BlackElo "1866"]
[PlyCount "61"]
[EventDate "2021.09.10"]

1. e4 c5 2. c4 Nc6 3. g3 Nf6 4. Bg2 e5 5. Ne2 d6 6. O-O Be7 7. d3 O-O 8. Nbc3
Nd4 9. f4 Bg4 10. h3 Bxe2 11. Nxe2 Nxe2+ 12. Qxe2 Ne8 13. f5 Bf6 14. a3 g6 15.
Bh6 Bg7 16. Be3 h6 17. Rf2 Kh7 18. b4 b6 19. h4 Bf6 20. fxg6+ fxg6 21. h5 Rg8
22. Bh3 g5 23. Qf3 Bg7 24. Qf7 Kh8 25. Raf1 Bf6 26. Rxf6 Nxf6 27. Rxf6 Qf8 28.
Qe6 Qd8 29. Rf7 Rg7 30. Qxh6+ Kg8 31. Qxg7# 1-0

[Event "26th 4NCL Congress"]
[Site "Woodland Grange, Old Milverton"]
[Date "2021.09.12"]
[Round "4.4"]
[White "Macphail, Kieran"]
[Black "Jacob, Sydney J"]
[Result "1/2-1/2"]
[WhiteElo "1756"]
[BlackElo "1923"]
[PlyCount "116"]
[EventDate "2021.09.10"]

1. e4 c6 2. d4 d5 3. e5 c5 4. dxc5 Nc6 5. Nf3 Bg4 6. c3 e6 7. Be3 Bxf3 8. Qxf3
Nxe5 9. Bb5+ Nc6 10. Nd2 Nge7 11. Nb3 Qc7 12. O-O Ng6 13. c4 a6 14. Ba4 O-O-O
15. Bxc6 bxc6 16. cxd5 exd5 17. Qg4+ Qd7 18. Qa4 Qb7 19. Na5 Qb5 20. Qg4+ Rd7
21. b4 Ne7 22. a4 Qd3 23. Nb7 Nf5 24. Na5 Nxe3 25. fxe3 Qxe3+ 26. Kh1 h5 27.
Qf5 Qe4 28. Nxc6 Qxf5 29. Rxf5 g6 30. Rf3 Bg7 31. Rb1 Re8 32. b5 Re6 33. Na5
axb5 34. axb5 Rde7 35. Rff1 Bc3 36. Nc6 Rc7 37. Rb3 Re1 38. Rxe1 Bxe1 39. Re3
Bh4 40. Rd3 Rxc6 41. bxc6 Kc7 42. Rxd5 Kxc6 43. Rd6+ Kxc5 44. Rd7 f6 45. Rg7
Kd5 46. Rxg6 Bg5 47. g3 h4 48. g4 Ke4 49. Kg2 Kf4 50. h3 f5 51. gxf5 Kxf5 52.
Rg8 Kf4 53. Rf8+ Ke4 54. Ra8 Ke3 55. Kf1 Kf3 56. Ra3+ Ke4 57. Kf2 Bf6 58. Ra4+
Bd4+ 1/2-1/2

[Event "26th 4NCL Congress"]
[Site "Woodland Grange, Old Milverton"]
[Date "2021.09.12"]
[Round "4.5"]
[White "Waterfield, Mark Bw"]
[Black "Maladkar, Lavanya"]
[Result "1-0"]
[WhiteElo "1756"]
[BlackElo "1885"]
[PlyCount "137"]
[EventDate "2021.09.10"]

1. e4 c5 2. Nf3 Nc6 3. Bb5 g6 4. O-O Bg7 5. Re1 a6 6. Bf1 e6 7. c3 Nge7 8. d4
cxd4 9. cxd4 d5 10. e5 Qb6 11. Nc3 h6 12. b3 Nf5 13. Ne2 O-O 14. Ba3 Nb4 15.
Qd2 a5 16. Nc3 Bd7 17. g4 Ne7 18. Na4 Bxa4 19. bxa4 Nec6 20. Rab1 Rfc8 21. Rec1
Qd8 22. Bb5 Bf8 23. Kg2 Na7 24. Be2 Rxc1 25. Bxc1 Rb8 26. a3 Nbc6 27. h3 f6 28.
exf6 Qxf6 29. Qf4 Qxf4 30. Bxf4 Rc8 31. Rxb7 Bg7 32. Be3 Bf8 33. Bd3 Rb8 34.
Rxb8 Nxb8 35. Bxg6 Kg7 36. Ne5 Nac6 37. Nxc6 Nxc6 38. Be8 Nd8 39. Bd2 Bxa3 40.
Bxa5 Kf8 41. Bb5 Nb7 42. Bb6 Bb4 43. Kf3 Ke7 44. h4 Kf6 45. Ke2 e5 46. Bc6 Ba5
47. Bxa5 Nxa5 48. dxe5+ Kxe5 49. Bb5 Kf4 50. g5 hxg5 51. h5 Kf5 52. Bd3+ Kf6
53. h6 Nb3 54. Kf3 Nc5 55. Bc2 d4 56. Kg4 d3 57. Bd1 Ne4 58. Kf3 Nc5 59. a5 Kg6
60. Ke3 Kxh6 61. Kd4 Na6 62. Kxd3 Kg6 63. Kc4 Kf5 64. Kb5 Nc7+ 65. Kc6 Ne6 66.
a6 Nd4+ 67. Kb6 Ke5 68. a7 Nf5 69. a8=Q 1-0

[Event "26th 4NCL Congress"]
[Site "Woodland Grange, Old Milverton"]
[Date "2021.09.12"]
[Round "4.6"]
[White "Graff, Ben"]
[Black "Brocklehurst, Andrew"]
[Result "0-1"]
[WhiteElo "1844"]
[BlackElo "1983"]
[PlyCount "82"]
[EventDate "2021.09.10"]

1. e4 c5 2. Nc3 Nc6 3. b3 d6 4. Bb2 Nf6 5. Bb5 Bd7 6. Nf3 e6 7. O-O Be7 8. d3
Qc7 9. Qe2 O-O 10. Bxc6 Bxc6 11. d4 cxd4 12. Nxd4 a6 13. Nxc6 Qxc6 14. Rad1
Rac8 15. Rd3 b5 16. b4 Rfd8 17. Rfd1 Nd7 18. f4 Qb6+ 19. Kf1 Rc6 20. Nd5 exd5
21. exd5 Rcc8 22. Qxe7 Nf8 23. Qg5 Ng6 24. Bd4 Qc7 25. h4 Qe7 26. Qxe7 Nxe7 27.
c3 Nxd5 28. g3 f6 29. Kg2 Kf7 30. Kf3 Rc6 31. a3 Rdc8 32. Rc1 f5 33. Ke2 Re8+
34. Kd2 Rc7 35. Bxg7 Kxg7 36. Rxd5 Rce7 37. Rxf5 Re2+ 38. Kd3 h6 39. Rg1 R8e3+
40. Kd4 Re8 41. g4 Rd2# 0-1

[Event "26th 4NCL Congress"]
[Site "Woodland Grange, Old Milverton"]
[Date "2021.09.12"]
[Round "4.7"]
[White "O'gorman, Brendan"]
[Black "Spanton, Tim R"]
[Result "1-0"]
[WhiteElo "1843"]
[BlackElo "1965"]
[PlyCount "69"]
[EventDate "2021.09.10"]

1. c4 e5 2. Nc3 Nc6 3. Nf3 g6 4. g3 Bg7 5. Bg2 d6 6. O-O f5 7. d3 Nf6 8. Rb1 a5
9. a3 O-O 10. Bd2 Be6 11. b4 axb4 12. axb4 Qe7 13. b5 Nd8 14. Qc2 h6 15. Ra1
Rxa1 16. Rxa1 g5 17. Bc1 e4 18. Nd4 exd3 19. Qxd3 b6 20. Nxe6 Nxe6 21. Ra7 f4
22. Nd5 Nxd5 23. Bxd5 fxg3 24. hxg3 Kh8 25. Qg6 Rf6 26. Ra8+ Nf8 27. Qh5 Kh7
28. Bxg5 Qe5 29. f4 Qe3+ 30. Kg2 Rf5 31. Re8 Rxg5 32. fxg5 Qd2 33. gxh6 Bxh6
34. Qf7+ Bg7 35. Be4+ 1-0

[Event "26th 4NCL Congress"]
[Site "Woodland Grange, Old Milverton"]
[Date "2021.09.12"]
[Round "4.9"]
[White "Jackson, Gary C"]
[Black "Dasgupta, Avyukt"]
[Result "1-0"]
[WhiteElo "1923"]
[BlackElo "1779"]
[PlyCount "135"]
[EventDate "2021.09.10"]

1. e4 e6 2. d4 d5 3. exd5 exd5 4. Bd3 Bd6 5. h3 Ne7 6. Nf3 c6 7. O-O O-O 8. Re1
Bf5 9. Rxe7 Bxd3 10. Rxb7 Bb5 11. a4 Qa5 12. Nc3 Bc4 13. Bg5 f6 14. Be3 Qa6 15.
Rxb8 Raxb8 16. b3 Bb4 17. Na2 Be2 18. Nxb4 Rxb4 19. Qd2 Rb7 20. Nh4 Bh5 21. Nf5
Bg6 22. Ng3 Re7 23. h4 Qc8 24. h5 Bf7 25. Qd3 Qg4 26. h6 Bg6 27. Qc3 Qd7 28.
hxg7 Kxg7 29. Qd2 Rfe8 30. Rc1 h5 31. Ne2 Qg4 32. Nf4 h4 33. Kh2 Bf5 34. c4 Re4
35. cxd5 Rxf4 36. Bxf4 h3 37. f3 Qh5 38. g4 Bxg4 39. fxg4 Qxd5 40. Qf2 Rh8 41.
g5 Rh4 42. gxf6+ Kf7 43. Be5 Rh5 44. Rg1 a5 45. Rg7+ Kf8 46. f7 Rh8 47. Rg3 c5
48. Bxh8 Qg2+ 49. Rxg2 hxg2 50. dxc5 g1=Q+ 51. Kxg1 Ke7 52. Bc3 Kf8 53. Bxa5
Ke7 54. b4 Kd7 55. b5 Kc8 56. Bc3 Kb7 57. a5 Kc7 58. c6 Kc8 59. b6 Kd8 60. a6
Kc8 61. a7 Kd8 62. b7 Kc7 63. Qf3 Kb6 64. a8=Q Kb5 65. b8=Q+ Kc5 66. c7 Kd6 67.
c8=Q+ Ke7 68. f8=Q# 1-0

[Event "26th 4NCL Congress"]
[Site "Woodland Grange, Old Milverton"]
[Date "2021.09.12"]
[Round "4.10"]
[White "Phillips, Owen S"]
[Black "Iskauskas, Alexander"]
[Result "1/2-1/2"]
[WhiteElo "1998"]
[BlackElo "1893"]
[PlyCount "62"]
[EventDate "2021.09.10"]

1. Nc3 Nf6 2. e4 e5 3. f4 d5 4. exd5 Nxd5 5. Nxd5 Qxd5 6. fxe5 Qxe5+ 7. Qe2 Nc6
8. Qxe5+ Nxe5 9. d4 Nc6 10. Bb5 Bd7 11. Nf3 Bd6 12. c3 f6 13. O-O O-O-O 14. Nd2
Rhe8 15. Nc4 Bf8 16. Ne3 Ne7 17. Bd3 Ng6 18. Bd2 Bc6 19. b4 Be4 20. Bxe4 Rxe4
21. Rae1 Rde8 22. Nf5 Re2 23. Rxe2 Rxe2 24. Rf2 Re6 25. Kf1 Ne7 26. Nxe7+ Bxe7
27. Re2 Kd7 28. Rxe6 Kxe6 29. Ke2 Bd6 30. g3 Kf5 31. Kf3 h5 1/2-1/2

[Event "26th 4NCL Congress"]
[Site "Woodland Grange, Old Milverton"]
[Date "2021.09.12"]
[Round "4.11"]
[White "Sarfas, Robin"]
[Black "Dean, Robert A"]
[Result "0-1"]
[WhiteElo "1983"]
[BlackElo "1866"]
[PlyCount "52"]
[EventDate "2021.09.10"]

1. d4 d5 2. c4 c6 3. Nf3 Nf6 4. Nc3 e6 5. e3 Nbd7 6. Be2 dxc4 7. a4 Bb4 8. Bxc4
Nb6 9. Bd3 Nbd5 10. Qc2 Bd7 11. O-O Rc8 12. e4 Nxc3 13. bxc3 Be7 14. h3 c5 15.
Qe2 cxd4 16. cxd4 Bc6 17. Bb2 O-O 18. a5 a6 19. Rfd1 Re8 20. Ne5 Bb4 21. Nxc6
Rxc6 22. Bc2 Rc8 23. d5 exd5 24. Bxf6 Qxf6 25. Rxd5 Qxa1+ 26. Kh2 Qb2 0-1

[Event "26th 4NCL Congress"]
[Site "Woodland Grange, Old Milverton"]
[Date "2021.09.12"]
[Round "4.12"]
[White "Faulkner, Adam"]
[Black "Cawston, M John"]
[Result "1-0"]
[WhiteElo "1972"]
[BlackElo "1863"]
[PlyCount "89"]
[EventDate "2021.09.10"]

1. e4 c5 2. Nf3 e6 3. d4 cxd4 4. Nxd4 a6 5. Bd3 Bc5 6. Nb3 Be7 7. Qg4 g6 8. Qe2
d6 9. O-O Nd7 10. Na3 Ngf6 11. Bh6 Ne5 12. Nc4 Nxd3 13. cxd3 Bd7 14. Bg7 Rg8
15. Bxf6 Bxf6 16. Nxd6+ Kf8 17. Nxb7 Qb6 18. N7c5 Bb5 19. a4 Bc6 20. Qe3 Rb8
21. d4 Kg7 22. a5 Qb5 23. d5 Bd7 24. e5 Bd8 25. Nxd7 Qxd7 26. d6 Qb5 27. Ra3
Qd5 28. Rc1 Rb5 29. f4 Bh4 30. g3 Rgb8 31. Qd4 Bd8 32. Qxd5 Rxd5 33. Kf2 f6 34.
Nc5 Rxb2+ 35. Ke3 Kf7 36. Nd3 Rbb5 37. Rac3 fxe5 38. Nxe5+ Rxe5+ 39. fxe5 Bg5+
40. Kd4 Bxc1 41. Rxc1 Rd5+ 42. Ke4 Rxa5 43. Rc7+ Kf8 44. Rc8+ Kf7 45. d7 1-0

[Event "26th 4NCL Congress"]
[Site "Woodland Grange, Old Milverton"]
[Date "2021.09.12"]
[Round "4.13"]
[White "Di-Vetta, Andrew"]
[Black "Bridgeman, Niamh"]
[Result "0-1"]
[WhiteElo "1799"]
[BlackElo "1930"]
[PlyCount "88"]
[EventDate "2021.09.10"]

1. e4 e6 2. d4 d5 3. Nd2 Nf6 4. e5 Nfd7 5. Ngf3 c5 6. c3 Be7 7. Bd3 b6 8. Qe2
a5 9. a4 Ba6 10. O-O O-O 11. Re1 Bxd3 12. Qxd3 Nc6 13. Nf1 Qc7 14. Bg5 cxd4 15.
Bxe7 Nxe7 16. cxd4 Rac8 17. Qa3 Ng6 18. b3 Nf4 19. Re3 Qc2 20. Ne1 Qc6 21. g3
Ng6 22. Nd3 Qb7 23. h4 Nb8 24. h5 Ne7 25. g4 Rc7 26. Nf4 Rfc8 27. Rd1 Na6 28.
Red3 Nb4 29. R3d2 Rc3 30. Ne2 R3c6 31. Ne3 Qc7 32. Qb2 Nc2 33. Ng2 Kf8 34. f4
Ng8 35. Kf2 f6 36. Ne3 Nxe3 37. Kxe3 Nh6 38. Kf3 fxe5 39. fxe5 Kg8 40. Rg1 Rf8+
41. Kg3 Qf7 42. Kh3 Qf3+ 43. Kh4 Qf2+ 44. Rg3 Rf5 0-1

[Event "26th 4NCL Congress"]
[Site "Woodland Grange, Old Milverton"]
[Date "2021.09.12"]
[Round "4.14"]
[White "Gillespie, Gary D"]
[Black "Arora, Tashika"]
[Result "0-1"]
[WhiteElo "1920"]
[BlackElo "1840"]
[PlyCount "100"]
[EventDate "2021.09.10"]

1. Nf3 d5 2. g3 Nf6 3. Bg2 g6 4. O-O Bg7 5. b3 O-O 6. Bb2 c5 7. d3 Nc6 8. Nbd2
Re8 9. Ne5 Qc7 10. Nxc6 bxc6 11. Re1 e5 12. e4 d4 13. h3 Rb8 14. a4 Be6 15. Ba3
Bf8 16. Qe2 Bd6 17. Rf1 Qd7 18. Kh2 Nh5 19. Rae1 Kh8 20. Nf3 Ng7 21. Ng5 f5 22.
Nxe6 Rxe6 23. exf5 gxf5 24. Qf3 Bf8 25. Re2 Rbe8 26. Rfe1 a5 27. Bc1 Qf7 28.
Bd2 Qc7 29. h4 h5 30. Bh3 Bd6 31. Bg2 Bf8 32. Bh3 Bd6 33. Kh1 Rf8 34. Bg2 e4
35. dxe4 fxe4 36. Qxf8+ Bxf8 37. Rxe4 Rxe4 38. Rxe4 Qf7 39. Rf4 Qe8 40. Bxa5
Bd6 41. Rf6 Qe5 42. Rh6+ Kg8 43. Bxc6 Nf5 44. Rg6+ Kf7 45. Rg5 Be7 46. f4 Qe6
47. Bf3 Bxg5 48. hxg5 Nxg3+ 49. Kg2 h4 50. Bd2 Qf5 0-1

[Event "26th 4NCL Congress"]
[Site "Woodland Grange, Old Milverton"]
[Date "2021.09.12"]
[Round "4.16"]
[White "Bussmann, John"]
[Black "Shek, Daniel"]
[Result "1-0"]
[WhiteElo "1893"]
[BlackElo "1755"]
[PlyCount "129"]
[EventDate "2021.09.10"]

1. e4 c5 2. Nf3 Nc6 3. d4 cxd4 4. Nxd4 e6 5. Be3 Nf6 6. Nc3 Bb4 7. Bd3 d5 8.
Nxc6 bxc6 9. exd5 cxd5 10. O-O O-O 11. Bg5 h6 12. Bh4 Be7 13. Qe2 Rb8 14. Rab1
Bd7 15. Nd1 Bc6 16. Re1 Ne4 17. Bxe7 Qxe7 18. c4 Nf6 19. cxd5 Nxd5 20. Qe4 g6
21. Qe5 Qf6 22. Qxf6 Nxf6 23. Rc1 Bd5 24. b3 Rfc8 25. Nc3 Kg7 26. f3 Rd8 27.
Nxd5 Nxd5 28. Bb1 Rd7 29. g3 Rbd8 30. a3 Nb6 31. Kf2 Kf6 32. h3 g5 33. Be4 Nd5
34. Red1 Nc3 35. Rxd7 Nxe4+ 36. fxe4 Rxd7 37. Ke3 Rb7 38. Rc3 Rb5 39. Kd4 a6
40. g4 e5+ 41. Kd3 Rb6 42. b4 Ke6 43. Rc5 Rd6+ 44. Kc3 f6 45. a4 Rb6 46. Kc4
Kd6 47. Rc8 Kd7 48. Rh8 Rd6 49. Rxh6 Rd4+ 50. Kc5 Ke6 51. b5 axb5 52. axb5 Rxe4
53. b6 Re1 54. b7 Rc1+ 55. Kb6 Rb1+ 56. Ka7 Ra1+ 57. Kb8 e4 58. Rh7 e3 59. Kc8
e2 60. b8=Q e1=Q 61. Qb3+ Kd6 62. Rd7+ Kc6 63. Qc4+ Kb6 64. Rb7+ Ka5 65. Qb5#
1-0

[Event "26th 4NCL Congress"]
[Site "Woodland Grange, Old Milverton"]
[Date "2021.09.12"]
[Round "4.17"]
[White "Winter, Kevin"]
[Black "Khan, Khalid"]
[Result "1-0"]
[WhiteElo "1786"]
[BlackElo "1735"]
[PlyCount "97"]
[EventDate "2021.09.10"]

1. e4 d5 2. exd5 Nf6 3. d4 e6 4. Nf3 exd5 5. Bd3 c5 6. dxc5 Bxc5 7. O-O O-O 8.
Bg5 Nc6 9. h3 b6 10. Nbd2 Bb7 11. Nb3 Be7 12. c3 Qc7 13. Re1 Rfe8 14. Rc1 h6
15. Bh4 a5 16. Nbd4 Rad8 17. Nf5 Ne4 18. Nxe7+ Nxe7 19. Nd4 Qf4 20. Bxe4 dxe4
21. Bg3 Qf6 22. Qg4 Ng6 23. Rcd1 Bc8 24. Qe2 Rd5 25. Qe3 h5 26. Ne2 Rf5 27. Rd6
Qe7 28. Rxb6 h4 29. Bh2 Rg5 30. Kh1 Rd8 31. Nd4 Rxd4 32. Qxd4 Bf5 33. Rb8+ Kh7
34. Qd8 Bxh3 35. gxh3 Qc5 36. Qd4 Qf5 37. Qe3 f6 38. Re8 Qb5 39. Rxe4 Qb7 40.
f4 Rb5 41. Kg1 Rxb2 42. f5 Nf8 43. Rxh4+ Kg8 44. Qe4 Qb6+ 45. Qd4 Qc6 46. Qc4+
Qxc4 47. Rxc4 Rxa2 48. Rc8 Kf7 49. Bd6 1-0

[Event "26th 4NCL Congress"]
[Site "Woodland Grange, Old Milverton"]
[Date "2021.09.12"]
[Round "4.18"]
[White "Mort, Andrew J"]
[Black "Jones, Tim"]
[Result "1-0"]
[WhiteElo "1930"]
[BlackElo "1698"]
[PlyCount "63"]
[EventDate "2021.09.10"]

1. c4 e5 2. g3 Nc6 3. Bg2 Nf6 4. Nc3 Bb4 5. Nd5 O-O 6. e3 Re8 7. a3 Bf8 8. Ne2
Nxd5 9. cxd5 Ne7 10. d4 Ng6 11. dxe5 Nxe5 12. O-O d6 13. h3 Bd7 14. e4 Qc8 15.
Kh2 f5 16. f4 Ng6 17. exf5 Bxf5 18. Nd4 Bd7 19. Bd2 Be7 20. f5 Ne5 21. Ne6 Bxe6
22. dxe6 c6 23. Bc3 Qc7 24. Qb3 Bf6 25. Rad1 d5 26. Bd4 a6 27. Rfe1 h6 28. Qc3
Nc4 29. Bxf6 gxf6 30. Qxf6 Qg7 31. Qh4 Nxb2 32. f6 1-0

[Event "26th 4NCL Congress"]
[Site "Woodland Grange, Old Milverton"]
[Date "2021.09.12"]
[Round "4.19"]
[White "Sengenberger, Sara"]
[Black "Hankey, Chris P"]
[Result "0-1"]
[WhiteElo "1638"]
[BlackElo "1780"]
[PlyCount "82"]
[EventDate "2021.09.10"]

1. e4 c5 2. Nf3 d6 3. d4 cxd4 4. Nxd4 Nf6 5. Nc3 g6 6. Be3 Bg7 7. Bb5+ Bd7 8.
Bxd7+ Qxd7 9. Qd2 Nc6 10. O-O Ng4 11. Nxc6 Nxe3 12. Qxe3 Qxc6 13. Rab1 O-O 14.
Nd5 Rfe8 15. c3 e6 16. Nb4 Qc4 17. Qd3 d5 18. exd5 Qxd3 19. Nxd3 exd5 20. Nc5
b6 21. Nb3 Rad8 22. Rfe1 Re6 23. Kf1 a5 24. Rbd1 Rc6 25. Nd4 Rc4 26. f3 Bxd4
27. Rxd4 Rxd4 28. cxd4 Rc8 29. b3 Rc2 30. Re2 Rxe2 31. Kxe2 Kf8 32. Ke3 Kg7 33.
Kf4 Kf6 34. h4 h6 35. Kg4 Ke6 36. Kf4 Kf6 37. g4 Ke6 38. g5 h5 39. a4 f6 40.
gxf6 Kxf6 41. Ke3 Kf5 0-1

[Event "26th 4NCL Congress"]
[Site "Woodland Grange, Old Milverton"]
[Date "2021.09.12"]
[Round "4.22"]
[White "Latypova, Olga L"]
[Black "Thooran, Kavin"]
[Result "1-0"]
[WhiteElo "1701"]
[BlackElo "1123"]
[PlyCount "135"]
[EventDate "2021.09.10"]

1. e4 e5 2. Nf3 Nc6 3. Bc4 Nf6 4. Ng5 d5 5. exd5 Na5 6. Bb5+ c6 7. dxc6 bxc6 8.
Qf3 Bb7 9. Bd3 h6 10. Ne4 Nxe4 11. Bxe4 Qc7 12. O-O Bd6 13. a3 c5 14. Nc3 Bxe4
15. Nxe4 O-O 16. Nxd6 Qxd6 17. d3 Qc6 18. Qg3 Rfe8 19. Be3 Nb7 20. f4 exf4 21.
Rxf4 Qe6 22. Re4 Qf6 23. Rf1 Qxb2 24. Bxh6 Rxe4 25. dxe4 Qd4+ 26. Be3 Qxe4 27.
Qf2 Qd5 28. Rb1 Rd8 29. h3 a6 30. Qf3 Qxf3 31. gxf3 Rd7 32. Rb6 a5 33. Rc6 g6
34. Bxc5 Nxc5 35. Rxc5 a4 36. Rc4 Rd2 37. Kf1 Rh2 38. h4 Kg7 39. c3 Rc2 40. Ke1
Kh6 41. Kd1 Rf2 42. f4 Rh2 43. Rxa4 Rxh4 44. Ke2 f5 45. Ke3 Rh3+ 46. Kd2 Rh4
47. Rd4 g5 48. fxg5+ Kxg5 49. Rxh4 Kxh4 50. Ke2 Kg3 51. Kf1 Kf4 52. a4 Ke5 53.
a5 Kd5 54. c4+ Kc6 55. Kf2 Kb7 56. c5 Kb8 57. Kf3 Kc7 58. Kf4 Kc6 59. a6 Kc7
60. Kxf5 Kc6 61. Ke6 Kc7 62. Kd5 Kb8 63. c6 Ka7 64. c7 Kxa6 65. c8=Q+ Kb5 66.
Qb8+ Ka4 67. Kc4 Ka3 68. Qb3# 1-0

[Event "26th 4NCL Congress"]
[Site "Woodland Grange, Old Milverton"]
[Date "2021.09.12"]
[Round "4.25"]
[White "Homer, Neil S"]
[Black "Murphy, Ross"]
[Result "0-1"]
[WhiteElo "1728"]
[BlackElo "1707"]
[PlyCount "79"]
[EventDate "2021.09.10"]

1. Nf3 c5 2. c4 Nc6 3. Nc3 e5 4. d3 Nge7 5. Bg5 f6 6. Bd2 d5 7. cxd5 Nxd5 8. g3
Be6 9. Bg2 Be7 10. O-O Qd7 11. a3 h5 12. Nxd5 Bxd5 13. Nh4 Bxg2 14. Kxg2 g5 15.
Ng6 Rg8 16. Nxe7 Nxe7 17. f3 Ng6 18. Rc1 Rc8 19. b4 b6 20. bxc5 bxc5 21. Kh1 h4
22. g4 Nf4 23. Bxf4 gxf4 24. Rc4 h3 25. Qa4 Qxa4 26. Rxa4 Rc7 27. Kg1 Rc6 28.
Kf2 Kd7 29. Rc1 a6 30. Rac4 Kd6 31. Ke1 Rb8 32. a4 a5 33. Kd1 Rcb6 34. Kc2 Rb2+
35. Kd1 R2b4 36. Kd2 Rxc4 37. Rxc4 Rb6 38. Kc3 Rb4 39. Re4 Rxe4 40. dxe4 0-1